National Security : (Record no. 10148)

MARC details
000 -LEADER
fixed length control field 00710 a2200205 4500
010 ## - LIBRARY OF CONGRESS CONTROL NUMBER
LC control number ENG-89148
020 ## - INTERNATIONAL STANDARD BOOK NUMBER
International Standard Book Number 0070656864
Terms of availability 795.00
035 ## - SYSTEM CONTROL NUMBER
System control number EN-72681
037 ## - SOURCE OF ACQUISITION
Source of stock number/acquisition DBAD / PUB
082 14 - DEWEY DECIMAL CLASSIFICATION NUMBER
Classification number 355.0330954
090 ## - LOCALLY ASSIGNED LC-TYPE CALL NUMBER (OCLC); LOCAL CALL NUMBER (OCLC)
-- 10411
-- 10411
100 1# - MAIN ENTRY--PERSONAL NAME
Personal name Paleri, Prabhakaran
245 1# - TITLE STATEMENT
Title National Security :
Remainder of title Imperatives and Challenges/
Statement of responsibility, etc by Prabhakaran Paleri
260 ## - PUBLICATION, DISTRIBUTION, ETC. (IMPRINT)
Place of publication, distribution, etc New Delhi
Name of publisher, distributor, etc Tata McGraw-Hill Publishing
Date of publication, distribution, etc 2008
270 ## - ADDRESS
Address 7, West Patel Nagar
City New Delhi
Postal code 110008
Electronic mail address www.tatamcgrawhill.com
300 ## - PHYSICAL DESCRIPTION
Extent viii,521p
Dimensions 24cm (Hb.)
710 ## - ADDED ENTRY--CORPORATE NAME
Subordinate unit DBAD / PUB
942 ## - ADDED ENTRY ELEMENTS (KOHA)
Institution code [OBSOLETE] dpl
Koha item type English Books
Call number prefix 355.033054/PAL
Holdings
Withdrawn status Lost status Source of classification or shelving scheme Damaged status Not for loan Collection code Home library Current library Source of acquisition Cost, normal purchase price Total Checkouts Full call number Barcode Date last seen Copy number Uniform Resource Identifier Cost, replacement price Price effective from Koha item type
    Dewey Decimal Classification   Not For Loan Non-fiction D.B.Act.Division D.B.Act.Division DBAD/PUB 795.00   355.0330954 EN-72681 15/09/2008 1 11178 795.00 15/09/2008 English Books

© Delhi Public Library
Hit Counter
free hit counter